000 00460nam a22001457a 4500
003 MACL
005 20170607123659.0
008 170607b xxu||||| |||| 00| 0 eng d
040 _c MACL
100 _aर्दिवेदी कमला
_967314
245 _aदया के सागर
260 _aदिल्‍ली
_bविध्‍या बुक्‍स
_c2013
650 _aबाल साहित्‍य
_955186
942 _2ddc
_cHIN
999 _c56438
_d56438